|
|
|
|
| LEADER |
00000nam a2200000 a 4500 |
| 001 |
vtls001483302 |
| 003 |
SK-MaSNL |
| 005 |
20260302073703.0 |
| 008 |
251029s2003 hu g a 00100 hun |
| 020 |
|
|
|a 9632004655
|q (brož.)
|c 120.00 Sk
|
| 035 |
|
|
|a SNK000438597
|
| 040 |
|
|
|a SNK
|b slo
|c SNK
|e AACR2
|
| 041 |
0 |
|
|a hun
|b eng
|
| 043 |
|
|
|a e-hu---
|
| 044 |
|
|
|a hu
|c HU
|
| 072 |
|
7 |
|a 930.85
|x Dejiny civilizácie. Kultúrne dejiny
|2 konspekt
|
| 072 |
|
7 |
|a 09
|x Rukopisy, prvotlače, staré tlače. Vzácne a pozoruhodné diela
|2 konspekt
|
| 080 |
|
|
|a 09
|2 2001
|
| 080 |
|
|
|a 930.85
|2 2001
|
| 080 |
|
|
|a 028
|2 2001
|
| 080 |
|
|
|a (048.8)
|2 2001
|
| 100 |
1 |
|
|a Héjja, Julianna Erika
|4 aut
|9 738413
|
| 245 |
1 |
0 |
|a Könyv és olvasója Gyulán a XVIII. század elsö felétöl 1848-ig
|c Héjja Julianna Erika
|
| 260 |
|
|
|a Budapest
|b Országos Széchényi Könyvtár
|c 2003
|
| 300 |
|
|
|a 112 s.
|c 20 cm
|
| 490 |
1 |
|
|a Olvasmánytörténeti dolgozatok
|x 1215-5640
|v 9.
|
| 504 |
|
|
|a Bibliogr., pozn., reg., res. angl.
|
| 546 |
|
|
|a Res. angl.
|
| 648 |
|
7 |
|a 17.-18. stor.
|2 SNKPH
|9 289778
|
| 650 |
0 |
7 |
|a kultúra a spoločnosť
|2 SNKPH
|9 4083
|
| 650 |
0 |
7 |
|a kultúrne pamiatky
|2 SNKPH
|9 2862
|
| 650 |
0 |
7 |
|a maďarská literatúra
|2 SNKPH
|9 1193
|
| 650 |
0 |
7 |
|a vzácne knihy
|2 SNKPH
|9 66779
|
| 651 |
|
7 |
|a Gyula (Maďarsko)
|2 SNKPH
|9 31373
|
| 655 |
|
7 |
|a štúdie
|2 SNKPH
|9 57033
|
| 830 |
|
0 |
|a Olvasmánytörténeti dolgozatok
|9 458486
|
| 919 |
|
|
|a 963-200-465-5
|
| 999 |
|
|
|c 1161950
|d 1163880
|
| 952 |
|
|
|a SNK
|b SNK
|y PREZ
|7 0
|p 17A0448837
|o snkSD 74331
|i snkV 1565/2004
|8 2
|g 4.02
|0 0
|1 0
|4 0
|d 2004-10-11
|l 0
|r 2025-11-21 00:00:00
|w 2026-02-24
|